000 00445nam a22001457a 4500
005 20180201100208.0
008 180201b xxu||||| |||| 00| 0 eng d
040 _cPK-LaUMT
082 _aPKAC 297.74092
_bAHM-M
100 _aAhmad Bin Idrees al Fasi
245 _aMinhaj fil dawat wa fikar al syasi(منھجہ فی الدعوۃ وفکرہ السیاسی)/
_cAhmad Bin Idrees al Fasi
260 _a[ ]
_b[ ]
_c[ ]
300 _a35
942 _cBK
999 _c102565
_d102565